Redesigning the future : a systems approach to societal problems
Αποθηκεύτηκε σε:
| Κύριος συγγραφέας: | |
|---|---|
| Μορφή: | Βιβλίο |
| Γλώσσα: | English |
| Δημοσίευση: |
Chichester :
John Wiley,
1974
|
| Σειρά: | A Wiley-Interscience publication
|
| Θέματα: | |
| Ετικέτες: |
Προσθήκη ετικέτας
Δεν υπάρχουν, Καταχωρήστε ετικέτα πρώτοι!
|
MARC
| LEADER | 00000nam a2200000 i 4500 | ||
|---|---|---|---|
| 001 | 1/37051 | ||
| 008 | 960402s1974 eng d | ||
| 020 | |a 0471002968 | ||
| 035 | |l 10024606 | ||
| 040 | |a GR-MY-UA |b gre |e aacr | ||
| 041 | 0 | |a eng | |
| 082 | 0 | |a 303.482973 | |
| 100 | 1 | |a Ackoff, Russell Lincoln, |d 1919-2009. | |
| 245 | 1 | 0 | |a Redesigning the future : |b a systems approach to societal problems |
| 260 | |a Chichester : |b John Wiley, |c 1974 | ||
| 300 | |a 260 p. | ||
| 490 | 1 | |a A Wiley-Interscience publication | |
| 650 | 0 | 0 | |a System theory. |
| 650 | 0 | 0 | |a Social problems. |
| 650 | 0 | 0 | |a Social change. |
| 651 | 0 | |a United States |x Social conditions |y 1960- | |
| 830 | 0 | |a A Wiley-Interscience publication | |
| 852 | |a INST |b CHIOS |e 19960402 |h 303.482973 ACK |p 005200006440 |q 005200006440 |t BK |y 0 | ||
| 909 | |a Χ |b 010315 | ||